| 000 | 00767nam a2200217 i 4500 | ||
|---|---|---|---|
| 001 | 56126 | ||
| 003 | ES-MaACL | ||
| 005 | 20230929062528.0 | ||
| 007 | t| | ||
| 008 | 031003s1972 sp ||||1| spa d | ||
| 100 | 1 |
_aDíaz-Plaja, Guillermo, _d1909-1984 _9162428 |
|
| 245 | 1 | 0 |
_aCulturalismo y creación poética _b: [discurso de ingreso en la Real Academia Española, pronunciado el 5 de noviembre de 1967] / _cGuillermo Díaz-Plaja. |
| 260 |
_aMadrid : _bRevista de Occidente, _c[1972] |
||
| 300 |
_a199 p. ; _c18 cm. |
||
| 490 | 1 |
_aSelecta ; _v42 |
|
| 650 | 4 |
_aPoesía lírica española- _xHistoria y crítica. _916193 |
|
| 710 | 2 |
_aReal Academia Española _96336 |
|
| 830 | 1 |
_aSelecta ; _v42 _9181890 |
|
| 852 |
_aES-MaACL _jC-43630 |
||
| 999 |
_c56126 _d56126 |
||